| 000 | 00917cam a2200301 i 4500 | ||
|---|---|---|---|
| 001 | 12493135 | ||
| 003 | OSt | ||
| 005 | 20240605102426.0 | ||
| 008 | 971120s1997 fr 000 0 fre | ||
| 010 | _a 2001395092 | ||
| 020 | _a270961832X | ||
| 035 | _a(FrPJT)JTL00007486 | ||
| 040 |
_aDLC _cDLC |
||
| 042 | _apcc | ||
| 050 | 0 | 0 |
_aBQ8921.M35 _bR56 1997 |
| 100 | 1 |
_aRinpoché, Guendune, _d1918- |
|
| 245 | 1 | 0 |
_aMahamoudra : _bla voie de la compassion et de la dévotion / _cGuendune Rinpoché. |
| 264 |
_a[Paris] : _bLattès, _cc1997. |
||
| 300 |
_a190 pages ; _c23 cm. |
||
| 336 |
_2rdacontent _atext _btxt |
||
| 337 |
_2rdamedia _aunmediated _bn |
||
| 338 |
_2rdacarrier _avolume _bnc |
||
| 440 | 0 | _aVoyageurs immobiles | |
| 650 | 0 | _aMahāmudrā (Tantric rite) | |
| 906 |
_a7 _bcbc _corigres _d3 _encip _f20 _gy-gencatlg |
||
| 942 |
_2LCS _cBOOK _n0 |
||
| 999 |
_c1189 _d1189 |
||